000 00595nam a2200193Ia 4500
005 20250508165411.0
008 008 250505s9999 xx 000 0 eng d
037 _aDissertations
040 _aFEDL
_beng
_cFEDL
041 _aeng
_2eng
084 _a305.235, THA/DI
_qFEDL
100 _aThakur Priyanka
245 0 _aStudy on adolescent's goals and aspirations in relation to gender and social class
260 _c2014
300 _a67p.
546 _aM.Ed. Dissertation, (Delhi University); C D Included
942 _cDIS
_h305.235, THA/DI
999 _c1394903
_d1394903